01979nam a2200313 a 4500001001000000003000900010005001700019008004100036040002500077082002500102110013700127245018400264260003900448300002800487505039100515590002500906650007800931650007401009650006801083651005601151700002401207710004501231710006901276910003701345942001401382952012301396952012901519999001701648000038557DO-SdBNP20250221073755.0100205s2011 dr a 000 0 spa d aDO-SdBNPbspacBNPHU a317.293bR426e, 20081 aRepública DominicanabSecretaría de Estado de Economía, Planificación y DesarrollobOficina Nacional de Estadística93469310aEncuesta nacional de hogares de propósitos múltiples (ENHOGAR 2008) :bsituación de la mujer , la niñez y la adolescencia : informe general /cpresentación Pablo Tactuk. aSanto Domingo :bONE,bBID,c2011. a168 p. :bil. ;c28 cm.0 aIntroducción --tAspectos metodológicos --tCaraterísticas de la vivienda --tCaracterísticas de los hogares --tCareterísticas básica de la población --tSeguridad social --tPrograma de ayuda social --tJuvilación y pensiones que benefician a la población --tSeguro de salud --tMortalidad y atención a laSalud --tAnexos: diseño de la muestra de ENHOGAR-2008-- aInventariado,2018/DG 4aEncuestas de hogareszRepública Dominicanay2008vEstadísticas957326 4aSeguridad socialzRepública Dominicanay2008xEstadísticas957327 4aMortalidadzRepública Dominicanay2008xEstadísticas957328 4aRepública dominicanavEstadísticasy20089813831 aTactuk, Pablo957742 aBanco Interamericano de Desarrollo996551 aRepública Dominicana.bOficina Nacional de Estadística95775 aValidado. Control de calidad MFF 2ddccLBS1 0010718PDaPDbPDcHDd2013-04-15iLF1l0o317.293 R426e, 2008p38557-10r2020-06-25w2020-06-25yLFPDZNo se presta 0010718PDaPDbPDcHDd2015-03-25iLF1l0o317.293 R426e, 2008p38557-20r2020-06-25te. 2w2020-06-25yLFPDZNo se presta c38047d38047